LEADER 01732nam a2200349 u 4500 001 000000088145 003 CaOOAMICUS 005 20070226124500.0 008 051026s1952 it u000 u ita u 035 $a11065626 040 $aPUL(R)$bita 041 1 $aita$hlat 110 2 $aPapi (1903-1914 : Pius PP. X).$0(OLS)http://pul/name/14501 240 10$aAcerbo Nimis.$lItaliano.$0(OLS)http://pul/title/113951 245 10$aAcerbo Nimis /$clettera enciclica di S. S. Pio X. Humani Generis Redemptionem / lettera enciclica di S. S. Benedetto XV. Provido Sane / Decreto della S. C. del Concilio. Discorso ai catechisti / S. S. Pio XII. 246 34$aInsegnamento del catechismo e predicazione 260 $a[Roma] :$bEdizioni Paoline,$c1952. 300 $a55 p. ;$c15 cm 490 1 $aIl pastore che ci guida 650 4$aCatechismo$xStudio e insegnamento.$0(OLS)http://pul/subject/1222 650 4$aEncicliche.$0(OLS)http://pul/subject/969 700 02$aPius PP.$bXII,$d1876-1958.$tDiscorso ai catechisti.$0(OLS)http://pul/name/57369 700 02$aBenedictus PP.$bXV,$d1854-1922.$tHumani Generis Redemptionem.$0(OLS)http://pul/name/57368 830 3$aIl pastore che ci guida.$0(OLS)http://pul/title/113796 850 $aPUL 852 $aPUL$W1$xDP1 Fondo Pastorale$y55$mP3 F 36$j111676$nBK-PRI$b $qFondi$B111676$CPULBib$Z2$F111676 $H $81 900 $aPius PP.$bX,$cs.,$d1835-1914$914501 900 $aPius PP.$bX,$cs.,$d1835-1914$914501 941 1 $a1 996 $6245$aAcerbo Nimis$9(OLS)http://pul/title/113952 996 $6246$aInsegnamento del catechismo e predicazione$9(OLS)http://pul/title/113953 996 $6260$a[Roma] :$bEdizioni Paoline$9(OLS)http://pul/publisher/51006 LEADER 01210nam a2200301 u 4500 001 000000080243 003 CaOOAMICUS 005 20070226123627.0 008 040706s1993 gw u000 u ger u 020 $a3791713930 035 $a11003167 040 $aPUL$bita 130 0 $aBiblia.$pN.T.$pLucas.$lTedesco.$0(OLS)http://pul/title/158589 245 14$aDas Evangelium nach Lukas /$cübersetzt und erklärt von Josef Ernst. 260 $aRegensburg :$bPustet,$cc1993. 300 $a558 p. ;$c23 cm 490 1 $aRegensburger Neues Testament 500 $aIndici in appendice. 504 $aBibliografia : p. 33-43. 630 04$aBiblia.$pN.T.$pLucas$xCommenti.$0(OLS)http://pul/subject/37891 700 1 $aErnst, Josef.$0(OLS)http://pul/name/25207 830 0$aRegensburger Neues Testament.$0(OLS)http://pul/title/18282 850 $aPUL 852 $aPUL$W1$xSL Religione 1$y3$m5 T 3$j102501$nBK-PRI$b $qStampati$B102501$CPULBib$Z2$F102501 $HPUL95635 $81 941 1 $a8 996 $6020$a3791713930$9(OLS)http://pul/number/105989 996 $6245$aDas Evangelium nach Lukas$9(OLS)http://pul/title/42126 996 $6260$aRegensburg :$bPustet$9(OLS)http://pul/publisher/61617